00328nam a2200097Ia 4500008004100000245007900041245003800120260000900158650001500167856004800182171211s9999 xx 000 0 und d 4aThe Age of Perversion: Desire and Technology in Psychoanalysis and Culture cDanielle Knafo and Rocco Lo Bosco c2016 xPSYCHOLOGY uhttp://down.ebook777.com/063/1138849219.pdf